12 pays aux olympiques 2026 hockey masculin - Statistiques

Statistiques générales
  • Ce quiz a été pris 139 fois
  • Le résultat moyen est 9 sur 12
Statistiques - réponses
Pays % Correct
Canada
100%
États-Unis
97%
France
96%
Suède
87%
Finlande
84%
Suisse
79%
Italie
73%
Allemagne
71%
République-Tchèque
67%
Slovaquie
64%
Danemark
56%
Lettonie
47%
Aucun quiz correspondant
Distribution des résultats
% des personnes avec chaque résultat
Percentile par nombre de réponses
Votre historique - résultats
Vous n’avez pas pris ce quiz